00358 a2200121 450000100060000010000150000624500470002126000250006809000170009394200230011099900190013395200840015244054 aMunir S.W aThe life of Mohammad from original sources aBritainbEdinburghc c27796d27796 aNUST-CAEcMc19775 c279127d279127 001040708NFICaCAEbCAEd2017-04-03l0pCAE40371r2017-04-05w2017-04-05yBK